Re-visioning of Indian Nationalism : (Record no. 70293)

MARC details
000 -LEADER
fixed length control field 00760nam a22002177a 4500
005 - DATE AND TIME OF LATEST TRANSACTION
control field 20170803110251.0
008 - FIXED-LENGTH DATA ELEMENTS--GENERAL INFORMATION
fixed length control field 120925t xxu||||| |||| 00| 0 eng d
010 ## - LCCN (DPL NO)
LC control number ENG-105978
020 ## - INTERNATIONAL STANDARD BOOK NUMBER
International Standard Book Number 9788180482113
Terms of availability 350.00
035 ## - SYSTEM CONTROL NUMBER
System control number EN-89511
037 ## - SOURCE OF ACQUISITION
Source of stock number/acquisition DBAD/PUB
040 ## - CATALOGING SOURCE
Original cataloging agency DPL
Language of cataloging English
082 ## - DEWEY DECIMAL CLASSIFICATION NUMBER
Classification number 954.035
245 ## - TITLE STATEMENT
Title Re-visioning of Indian Nationalism :
Statement of responsibility, etc edited by Jyoti Chandra
Remainder of title a historical perspective /
260 ## - PUBLICATION, DISTRIBUTION, ETC. (IMPRINT)
Place of publication, distribution, etc Chandigarh
Name of publisher, distributor, etc Arun Publishing House
Date of publication, distribution, etc 2012
270 ## - ADDRESS
Address SCO 49-51, Sector 17 C
City Chandigarh
Postal code 160017
Electronic mail address arunpublishing@gmail.com
-- arunpublishing@yahoo.com
300 ## - PHYSICAL DESCRIPTION
Extent 119 p.
Dimensions 22cm(Hb)
500 ## - GENERAL NOTE
General note Includes bibliographical references
700 ## - ADDED ENTRY--PERSONAL NAME
Personal name Chandra, Jyoti
9 (RLIN) 52607
942 ## - ADDED ENTRY ELEMENTS (KOHA)
Source of classification or shelving scheme Dewey Decimal Classification
Item type English Books
Call number suffix CHA
Classification part 954.035
Holdings
Withdrawn status Lost status Source of classification or shelving scheme Damaged status Not for loan Collection code Home library Current library Date acquired Source of acquisition Cost, normal purchase price Total Checkouts Full call number Barcode Date last seen Copy number Cost, replacement price Koha item type
    Dewey Decimal Classification     Non-fiction Patel Nagar Patel Nagar 25/09/2012 DBAD / PUB 350.00   954.035CHA EN-89511 25/09/2012 1 350.00 English Books

© Delhi Public Library
Hit Counter
free hit counter